[Event "ROM-ch U12"]
[Site "Calimanesti"]
[Date "2018.04.03"]
[Round "9"]
[White "Nedelcu, Alexandru Nicholas"]
[Black "Mindreci, Ioan Cristian"]
[Result "1-0"]
[WhiteElo "1003"]
[BlackElo "1126"]
[PlyCount "105"]
[EventDate "2018.03.27"]
[EventType "swiss"]
[EventRounds "9"]
[EventCountry "ROU"]
[SourceTitle "CBM 183 Extra"]
[Source "ChessBase"]
[SourceDate "2018.04.19"]
[SourceVersion "1"]
[SourceVersionDate "2018.04.19"]
[SourceQuality "1"]

1. e4 c5 2. Nf3 g6 3. c4 Nc6 4. d4 cxd4 5. Nxd4 Bg7 6. Be3 Nf6 7. Nc3 0-0 8. Be2 d6 9. 0-0 Nxd4 10. Bxd4 Qa5 11. f3 Qg5 12. Qc1 Qxc1 13. Raxc1 e5 14. Bf2 Nd7 15. Nd5 Nb6 16. b3 Nxd5 17. cxd5 f5 18. Rc7 fxe4 19. fxe4 Bh6 20. Be1 Be3+ 21. Kh1 Rxf1+ 22. Bxf1 b6 23. Bb4 Bc5 24. Bxc5 bxc5 25. Rc6 Bg4 26. Rxd6 Rf8 27. Kg1 Kf7 28. Rc6 Rc8 29. Rxc8 Bxc8 30. Kf2 g5 31. Ke3 Ke7 32. Bb5 Kd8 33. Kd3 Kc7 34. Kc4 Kb6 35. b4 a6 36. bxc5+ Kc7 37. Ba4 h5 38. d6+ Kd8 39. Kd5 g4 40. g3 Bb7+ 41. Bc6 Bxc6+ 42. Kxc6 a5 43. Kb7 Kd7 44. c6+ Kxd6 45. c7 Kc5 46. c8Q+ Kd4 47. Qf5 Kd3 48. Qxe5 a4 49. Qd5+ Ke3 50. e5 a3 51. e6 h4 52. e7 hxg3 53. e8Q+ 1-0

[Event "ROM-ch U12"]
[Site "Calimanesti"]
[Date "2018.03.28"]
[Round "2"]
[White "Constantinescu, Calin Theodor"]
[Black "Nedelcu, Alexandru Nicholas"]
[Result "1-0"]
[WhiteElo "1263"]
[BlackElo "1003"]
[PlyCount "95"]
[EventDate "2018.03.27"]
[EventType "swiss"]
[EventRounds "9"]
[EventCountry "ROU"]
[SourceTitle "CBM 183 Extra"]
[Source "ChessBase"]
[SourceDate "2018.04.19"]
[SourceVersion "1"]
[SourceVersionDate "2018.04.19"]
[SourceQuality "1"]

1. d4 Nf6 2. Nf3 g6 3. e3 Bg7 4. Bd3 0-0 5. 0-0 d6 6. h3 Nbd7 7. Nc3 c5 8. b3 cxd4 9. exd4 Nb6 10. Bb2 Nfd5 11. Nxd5 Nxd5 12. c4 Nf4 13. Qd2 Nxd3 14. Qxd3 b6 15. Qc2 Bb7 16. d5 Rc8 17. Bxg7 Kxg7 18. Qe2 e6 19. dxe6 Bxf3 20. Qxf3 fxe6 21. Qe4 Qd7 22. Rad1 Rcd8 23. Rfe1 e5 24. Qd5 Rf7 25. b4 Kf6 26. c5 Qe6 27. Re3 Qxd5 28. Rxd5 Rfd7 29. Red3 Ke6 30. c6 Rc7 31. b5 a6 32. a4 axb5 33. axb5 Ra7 34. Kf1 Rf7 35. Ke2 e4 36. R3d4 Rf5 37. c7 Rc8 38. Rxd6+ Ke7 39. Rd7+ Ke6 40. Rxh7 Rxb5 41. Rd8 Rb2+ 42. Ke3 Rb3+ 43. Kxe4 Rb4+ 44. Kd3 Rb3+ 45. Kc4 Rxc7+ 46. Rxc7 b5+ 47. Kxb3 b4 48. Kxb4 1-0

[Event "EU-ch U12 27th"]
[Site "Mamaia"]
[Date "2017.09.07"]
[Round "3"]
[White "Nedelcu, Alexandru Nicholas"]
[Black "Valvag, Torbjorn"]
[Result "0-1"]
[WhiteElo "1057"]
[BlackElo "1504"]
[PlyCount "56"]
[EventDate "2017.09.05"]
[EventType "swiss"]
[EventRounds "9"]
[EventCountry "ROU"]
[SourceTitle "CBM 180 Extra"]
[Source "ChessBase"]
[SourceDate "2017.10.06"]
[SourceVersion "1"]
[SourceVersionDate "2017.10.06"]
[SourceQuality "1"]

1. e4 c5 2. Nf3 d6 3. c4 e5 4. Nc3 g6 5. d3 Bg7 6. Be3 Ne7 7. Be2 0-0 8. 0-0 Nbc6 9. Qd2 f5 10. Qc2 f4 11. Bd2 h6 12. Nd5 g5 13. Qa4 Bd7 14. Nxe7+ Qxe7 15. Qa3 g4 16. Ne1 Nd4 17. Bd1 Qh4 18. f3 g3 19. h3 Bxh3 20. gxh3 Qxh3 21. Rf2 gxf2+ 22. Kxf2 Qh2+ 23. Kf1 Qxd2 24. b3 Rf6 25. Qc1 Qh2 26. Ng2 Qh1+ 27. Kf2 Rg6 28. Nh4 Qg1# 0-1

[Event "EU-ch U12 27th"]
[Site "Mamaia"]
[Date "2017.09.05"]
[Round "1"]
[White "Nedelcu, Alexandru Nicholas"]
[Black "Dwyer, Daniel1111"]
[Result "0-1"]
[WhiteElo "1057"]
[BlackElo "1775"]
[PlyCount "130"]
[EventDate "2017.09.05"]
[EventType "swiss"]
[EventRounds "9"]
[EventCountry "ROU"]
[SourceTitle "CBM 180 Extra"]
[Source "ChessBase"]
[SourceDate "2017.10.06"]
[SourceVersion "1"]
[SourceVersionDate "2017.10.06"]
[SourceQuality "1"]

1. e4 c5 2. Nf3 a6 3. c4 Nc6 4. d4 cxd4 5. Nxd4 Nf6 6. Nc3 d6 7. Be2 g6 8. 0-0 Bg7 9. Be3 0-0 10. f3 Rb8 11. Qd2 Bd7 12. Rfd1 h5 13. Rac1 h4 14. b3 h3 15. g4 Ne5 16. Bf4 Kh7 17. Bxe5 dxe5 18. Nc2 Qc8 19. g5 Rd8 20. gxf6 Bh6 21. Ne3 Qc5 22. Kf2 Bc6 23. Bd3 exf6 24. Ncd5 Bg5 25. b4 Qa7 26. Re1 Bxd5 27. cxd5 Bh4+ 28. Kf1 Bxe1 29. Kxe1 Rbc8 30. Bf1 Rxc1+ 31. Qxc1 Qb6 32. a3 a5 33. Qc5 Qxc5 34. bxc5 Kg7 35. Kd2 Kf8 36. Kc3 f5 37. Kc4 Ke7 38. Kb5 f4 39. Nc4 f5 40. exf5 gxf5 41. d6+ Kf6 42. Kb6 Ke6 43. Nxa5 Ra8 44. Nc4 Rc8 45. Na5 Ra8 46. Bxh3 Rh8 47. Bxf5+ Kxf5 48. Kc7 Rh7+ 49. Kb6 e4 50. fxe4+ Ke6 51. Nc4 f3 52. Nd2 f2 53. a4 Rf7 54. a5 f1Q 55. Nxf1 Rxf1 56. a6 bxa6 57. Kxa6 Kd7 58. e5 Rf5 59. Kb7 Rxe5 60. Kb6 Rh5 61. c6+ Kxd6 62. c7 Rh8 63. h4 Rc8 64. h5 Rxc7 65. h6 Rh7 0-1

[Event "ROM-ch U12"]
[Site "Baile Felix"]
[Date "2017.02.06"]
[Round "6"]
[White "Nedelcu, Alexandru Nicholas"]
[Black "Papa, Matei"]
[Result "1/2-1/2"]
[WhiteElo "1193"]
[BlackElo "1107"]
[PlyCount "71"]
[EventDate "2017.02.02"]
[EventType "swiss"]
[EventRounds "9"]
[EventCountry "ROU"]
[SourceTitle "CBM 176 Extra"]
[Source "ChessBase"]
[SourceDate "2017.03.02"]
[SourceVersion "1"]
[SourceVersionDate "2017.03.02"]
[SourceQuality "1"]

1. e4 c5 2. d4 cxd4 3. c3 dxc3 4. Bc4 e6 5. Nxc3 Nc6 6. Nf3 Qc7 7. 0-0 Nf6 8. Re1 Bc5 9. e5 Ng4 10. Ne4 Bb4 11. Bd2 Bxd2 12. Qxd2 Ncxe5 13. Nd6+ Ke7 14. Nxe5 Nxe5 15. Rxe5 Qxd6 16. Qxd6+ Kxd6 17. Re3 a6 18. Rd1+ Ke7 19. g4 b5 20. Bf1 Bb7 21. f4 h5 22. g5 Rac8 23. f5 Rc2 24. fxe6 dxe6 25. Red3 Bd5 26. Re1 Bxa2 27. Bg2 Rxb2 28. Red1 Rc8 29. Rd7+ Ke8 30. Bc6 Kf8 31. g6 fxg6 32. Rf1+ Kg8 33. Rff7 Rxc6 34. Rxg7+ Kf8 35. Rgf7+ Ke8 36. Rfe7+ 1/2-1/2